Historia de la literatura infantil chilena
保存先:
| 第一著者: | |
|---|---|
| フォーマット: | 図書 |
| 言語: | スペイン語 |
| 出版事項: |
Santiago
Andrés Bello
1982
|
| 主題: | |
| タグ: |
タグ追加
タグなし, このレコードへの初めてのタグを付けませんか!
|
MARC
| LEADER | 00000nam a2200000 a 4500 | ||
|---|---|---|---|
| 001 | UCZ6603 | ||
| 003 | CL-VaPUC | ||
| 008 | 951211e19820900CL |||||||||||||||||spa|d | ||
| 082 | 0 | 4 | |a 808.068 |b PEÑ |2 21 |
| 100 | 0 | |a Peña Muñoz, Manuel |e author |9 351007 | |
| 245 | 1 | 0 | |a Historia de la literatura infantil chilena |
| 300 | |a 135 p | ||
| 942 | |c BK | ||
| 945 | |d 19951211 00:00:00 |a lriquelm | ||
| 260 | |a Santiago |b Andrés Bello |c 1982 | ||
| 650 | 0 | |a Literatura infantil |9 307465 | |
| 650 | 0 | |a Historia |9 255047 | |
| 650 | 0 | |a Formas y géneros literarios |9 324031 | |
| 651 | 7 | |a CHILE |2 CL-VaPUC |9 351008 | |
| 583 | |a last modification |c 19951211 00:00:00 |k Rodrigo Vera | ||
| 999 | |c 242800 |d 242798 | ||
| 952 | |0 0 |1 0 |4 0 |6 808_068000000000000_PEÑ_1982 |7 0 |8 A |9 255984 |a BIBEDU |b BIBEDU |d 2019-11-19 |i 1605879 |o 808.068 PEÑ 1982 |p 1605879 |r 2019-11-19 |w 2019-11-19 |y BK |k EDU | ||
| 952 | |0 0 |1 0 |4 0 |6 808_068000000000000_PEÑ_1982 |7 0 |8 A |9 255985 |a BIBEDU |b BIBEDU |d 2019-11-19 |i 1605380 |o 808.068 PEÑ 1982 |p 1605380 |r 2019-11-19 |w 2019-11-19 |y BK |k EDU | ||
| 952 | |0 0 |1 0 |4 0 |6 808_068000000000000_PEÑ_1982 |7 0 |8 A |9 255986 |a BIBEDU |b BIBEDU |d 2019-11-19 |i 1605208 |o 808.068 PEÑ 1982 |p 1605208 |r 2019-11-19 |w 2019-11-19 |y BK |k EDU | ||
| 952 | |0 0 |1 0 |4 0 |6 808_068000000000000_PEÑ_1982 |7 0 |8 A |9 255987 |a BIBEDU |b BIBEDU |d 2019-11-19 |i 144347K |o 808.068 PEÑ 1982 |p 144347K |r 2019-11-19 |w 2019-11-19 |y BK |k LIT | ||